[Event "Oberliga Wuerttemberg 1314"]
[Site "Wuerttemberg"]
[Date "2013.10.13"]
[Round "1.1"]
[White "Jurek, Josef"]
[Black "Duppel, Matthias"]
[Result "1/2-1/2"]
[WhiteElo "2273"]
[BlackElo "2347"]
[PlyCount "35"]
[EventDate "2013.10.13"]
[EventType "team-tourn"]
[EventRounds "9"]
[EventCountry "GER"]
[SourceTitle "EXT 2019"]
[Source "ChessBase"]
[SourceDate "2018.10.10"]
[SourceVersion "1"]
[SourceVersionDate "2018.10.10"]
[SourceQuality "1"]
[WhiteTeam "Schwaebisch Gmuend"]
[BlackTeam "Sontheim/Brenz"]
[WhiteTeamCountry "GER"]
[BlackTeamCountry "GER"]

1. Nf3 d5 2. d4 Nf6 3. c4 e6 4. g3 Be7 5. Bg2 0-0 6. 0-0 b6 7. cxd5 exd5 8. Nc3 Bb7 9. Bf4 Na6 10. Rc1 Nh5 11. Be3 c6 12. Ne5 f6 13. Nd3 f5 14. Qd2 Nc7 15. f3 Ne6 16. g4 fxg4 17. fxg4 Nf6 18. Ne5 1/2-1/2

[Event "BL2-Sued 1112"]
[Site "Germany"]
[Date "2012.02.26"]
[Round "7.5"]
[White "Gohil, Harry"]
[Black "Duppel, Matthias"]
[Result "1/2-1/2"]
[WhiteElo "2322"]
[BlackElo "2401"]
[PlyCount "79"]
[EventDate "2011.10.02"]
[EventType "team-tourn"]
[EventRounds "9"]
[EventCountry "GER"]
[SourceTitle "EXT 2015"]
[Source "ChessBase"]
[SourceDate "2014.11.20"]
[SourceVersion "1"]
[SourceVersionDate "2014.11.20"]
[SourceQuality "1"]
[WhiteTeam "Schott Mainz"]
[BlackTeam "Boeblingen"]
[WhiteTeamCountry "GER"]
[BlackTeamCountry "GER"]

1. d4 d5 2. Nf3 Nf6 3. e3 e6 4. Bd3 c5 5. b3 Be7 6. Bb2 0-0 7. Nbd2 b6 8. Ne5 Bb7 9. f4 Ne4 10. Nxe4 dxe4 11. Be2 f6 12. Ng4 Qc8 13. 0-0 Nc6 14. c3 f5 15. Ne5 Nxe5 16. dxe5 Rd8 17. Qe1 Qc6 18. c4 Rd7 19. Bc3 Kh8 20. h3 g5 21. Kh2 gxf4 22. exf4 Rg8 23. g4 Rg6 24. g5 Rg8 25. Rd1 Rxd1 26. Bxd1 Qe8 27. h4 Bc6 28. a4 a5 29. Qe3 Qd8 30. Be2 Qc7 31. Rd1 Bd7 32. h5 h6 33. Rg1 Qd8 34. g6 Kg7 35. Kh3 Qc7 36. Rd1 Bc8 37. Kg3 Rd8 38. Rd6 Kg8 39. Rd2 Rd7 40. Kh3 1/2-1/2

[Event "BL2-Sued 1112"]
[Site "Germany"]
[Date "2011.10.23"]
[Round "2.5"]
[White "Hajnal, Zoltan"]
[Black "Duppel, Matthias"]
[Result "1-0"]
[WhiteElo "2431"]
[BlackElo "2401"]
[PlyCount "61"]
[EventDate "2011.10.02"]
[EventType "team-tourn"]
[EventRounds "9"]
[EventCountry "GER"]
[SourceTitle "EXT 2015"]
[Source "ChessBase"]
[SourceDate "2014.11.20"]
[SourceVersion "1"]
[SourceVersionDate "2014.11.20"]
[SourceQuality "1"]
[WhiteTeam "Buchen"]
[BlackTeam "Boeblingen"]
[WhiteTeamCountry "GER"]
[BlackTeamCountry "GER"]

1. e4 e6 2. d4 d5 3. Nc3 Nf6 4. e5 Nfd7 5. f4 c5 6. Nf3 Nc6 7. Be3 cxd4 8. Nxd4 Bc5 9. Qd2 0-0 10. 0-0-0 a6 11. Kb1 Nxd4 12. Bxd4 b5 13. Ne2 a5 14. Qe3 Qc7 15. Bxc5 Qxc5 16. Nd4 b4 17. g4 Ba6 18. f5 Rfe8 19. f6 gxf6 20. exf6 Kh8 21. g5 e5 22. Qh3 Nxf6 23. Nb3 Qf2 24. Bxa6 Rxa6 25. Rhf1 Qe2 26. gxf6 Rxf6 27. Rxf6 Qxd1+ 28. Nc1 Re7 29. Rh6 f6 30. Qc8+ Kg7 31. Rh3 1-0

[Event "BL2-Sued 1011"]
[Site "Germany"]
[Date "2011.03.20"]
[Round "8.5"]
[White "Kachiani Gersinska, Ketino"]
[Black "Duppel, Matthias"]
[Result "1/2-1/2"]
[WhiteElo "2314"]
[BlackElo "2415"]
[PlyCount "124"]
[EventDate "2010.10.10"]
[EventType "team-tourn"]
[EventRounds "9"]
[EventCountry "GER"]
[SourceTitle "EXT 2012"]
[Source "ChessBase"]
[SourceDate "2011.11.24"]
[SourceVersion "1"]
[SourceVersionDate "2011.11.24"]
[SourceQuality "1"]
[WhiteTeam "Baden-Baden 1922 II"]
[BlackTeam "Boeblingen"]
[WhiteTeamCountry "GER"]
[BlackTeamCountry "GER"]

1. d4 d5 2. c4 c6 3. Nf3 Nf6 4. e3 a6 5. Nc3 b5 6. c5 g6 7. a3 Bg7 8. Bd2 0-0 9. Rc1 Re8 10. Bd3 Bg4 11. h3 Bxf3 12. gxf3 e5 13. dxe5 Rxe5 14. Ne2 Re8 15. 0-0 Nbd7 16. Nd4 Rc8 17. b4 Nh5 18. Nb3 Ne5 19. Be2 Nc4 20. f4 Nb2 21. Qc2 Nxf4 22. Bg4 Ne6 23. Bc3 Nc4 24. Bxg7 Kxg7 25. Qc3+ Qf6 26. Qxf6+ Kxf6 27. Ra1 h5 28. Be2 Ng5 29. Kg2 Rc7 30. a4 Ne6 31. axb5 axb5 32. Kg3 Ke7 33. Ra6 Kd7 34. Rd1 Ng5 35. Bxc4 bxc4 36. Na5 Ne4+ 37. Kg2 Nc3 38. Rd4 Nb5 39. Rd1 Re4 40. Rb6 Nc3 41. Rd2 Na4 42. Ra6 c3 43. Rd4 Nb2 44. b5 cxb5 45. Rxd5+ Ke7 46. Nb3 Na4 47. Rd4 Re6 48. Raxa4 bxa4 49. Rxa4 Rb7 50. Nd4 Rf6 51. Rc4 Rb2 52. Rxc3 Rfxf2+ 53. Kg3 Kd8 54. c6 g5 55. Rc5 Rg2+ 56. Kf3 h4 57. c7+ Kc8 58. Nf5 Rgf2+ 59. Ke4 Rxf5 60. Kxf5 g4 61. hxg4 h3 62. Kf4 h2 1/2-1/2

[Event "BL2-Sued 1011"]
[Site "Germany"]
[Date "2011.02.27"]
[Round "7.3"]
[White "Lanka, Zigurds"]
[Black "Duppel, Matthias"]
[Result "1-0"]
[WhiteElo "2465"]
[BlackElo "2415"]
[PlyCount "61"]
[EventDate "2010.10.10"]
[EventType "team-tourn"]
[EventRounds "9"]
[EventCountry "GER"]
[SourceTitle "EXT 2012"]
[Source "ChessBase"]
[SourceDate "2011.11.24"]
[SourceVersion "1"]
[SourceVersionDate "2011.11.24"]
[SourceQuality "1"]
[WhiteTeam "Schott Mainz"]
[BlackTeam "Boeblingen"]
[WhiteTeamCountry "GER"]
[BlackTeamCountry "GER"]

1. e4 e6 2. d4 d5 3. Nc3 Nf6 4. e5 Nfd7 5. Bf4 c5 6. Nce2 cxd4 7. Nxd4 Nc6 8. Ngf3 Nc5 9. c3 Be7 10. Be3 0-0 11. Be2 Nxd4 12. Bxd4 a5 13. 0-0 b6 14. Kh1 a4 15. Qc2 Qc7 16. Rac1 Bb7 17. Qd2 Rfd8 18. Qe3 Ba6 19. Bxa6 Rxa6 20. g4 b5 21. Nd2 h6 22. Ra1 Rc6 23. f4 Ne4 24. Nxe4 dxe4 25. f5 Bc5 26. g5 exf5 27. Rxf5 Bxd4 28. cxd4 Qd7 29. Rf6 Rc3 30. gxh6 Qxd4 31. Qg5 1-0

[Event "BL2-Sued 0910"]
[Site "Germany"]
[Date "2009.12.13"]
[Round "4.3"]
[White "Murdzia, Piotr"]
[Black "Duppel, Matthias"]
[Result "1/2-1/2"]
[WhiteElo "2471"]
[BlackElo "2415"]
[PlyCount "45"]
[EventDate "2009.10.18"]
[EventType "team-tourn"]
[EventRounds "9"]
[EventCountry "GER"]
[SourceTitle "EXT 2011"]
[Source "ChessBase"]
[SourceDate "2010.11.26"]
[SourceVersion "1"]
[SourceVersionDate "2010.11.26"]
[SourceQuality "1"]
[WhiteTeam "Griesheim"]
[BlackTeam "Boeblingen"]
[WhiteTeamCountry "GER"]
[BlackTeamCountry "GER"]

1. d4 Nf6 2. c4 e6 3. Nf3 c6 4. Nc3 d5 5. Bg5 h6 6. Bxf6 Qxf6 7. Qb3 Qe7 8. e3 Nd7 9. a3 g6 10. cxd5 exd5 11. Bd3 Bg7 12. 0-0 0-0 13. Qc2 a5 14. Na4 Re8 15. Rfe1 Rb8 16. e4 dxe4 17. Rxe4 Qd8 18. Rxe8+ Qxe8 19. Re1 Qd8 20. Ne5 Nxe5 21. dxe5 b6 22. e6 Bxe6 23. Bxg6 1/2-1/2

[Event "BL2-Sued 0708"]
[Site "Germany"]
[Date "2007.11.04"]
[Round "2.2"]
[White "Dolezal, Radoslav"]
[Black "Duppel, Matthias"]
[Result "1/2-1/2"]
[WhiteElo "2418"]
[BlackElo "2421"]
[PlyCount "64"]
[EventDate "2007.10.21"]
[EventType "team-tourn"]
[EventRounds "9"]
[EventCountry "GER"]
[SourceTitle "EXT 2009"]
[Source "ChessBase"]
[SourceDate "2008.11.26"]
[SourceVersion "1"]
[SourceVersionDate "2008.11.26"]
[SourceQuality "1"]
[WhiteTeam "Bann"]
[BlackTeam "Untergrombach"]
[WhiteTeamCountry "GER"]
[BlackTeamCountry "GER"]

1. d4 d5 2. Nf3 c5 3. c4 e6 4. Nc3 Nc6 5. e3 Nf6 6. a3 Ne4 7. Bd3 Nxc3 8. bxc3 Be7 9. 0-0 0-0 10. e4 Na5 11. cxd5 exd5 12. e5 cxd4 13. Nxd4 Qc7 14. Qh5 g6 15. Qe2 Qxc3 16. Nb5 Qc6 17. Bh6 Rd8 18. Rfc1 Nc4 19. Nd6 Be6 20. Nxc4 dxc4 21. Bxc4 Bxc4 22. Qxc4 Qxc4 23. Rxc4 Rac8 24. Rxc8 Rxc8 25. Be3 a6 26. a4 Kf8 27. Rb1 Rc7 28. f4 Ke8 29. Kf2 Kd7 30. Kf3 Kc8 31. g4 Rc4 32. Rc1 Rxc1 1/2-1/2

[Event "BL2-Sued 0708"]
[Site "Germany"]
[Date "2007.10.21"]
[Round "1.2"]
[White "Duppel, Matthias"]
[Black "Karpatchev, Aleksandr"]
[Result "1/2-1/2"]
[WhiteElo "2421"]
[BlackElo "2466"]
[PlyCount "28"]
[EventDate "2007.10.21"]
[EventType "team-tourn"]
[EventRounds "9"]
[EventCountry "GER"]
[SourceTitle "EXT 2009"]
[Source "ChessBase"]
[SourceDate "2008.11.26"]
[SourceVersion "1"]
[SourceVersionDate "2008.11.26"]
[SourceQuality "1"]
[WhiteTeam "Untergrombach"]
[BlackTeam "Bad Mergentheim"]
[WhiteTeamCountry "GER"]
[BlackTeamCountry "GER"]

1. d4 d5 2. c4 dxc4 3. e3 Nf6 4. Bxc4 e6 5. Nf3 a6 6. 0-0 b5 7. Bd3 c5 8. dxc5 Bxc5 9. e4 Bb7 10. Qe2 Nbd7 11. Nbd2 e5 12. a4 b4 13. Nc4 0-0 14. Bg5 Re8 1/2-1/2

[Event "BL2-Sued 0607"]
[Site "Germany"]
[Date "2007.03.18"]
[Round "7.2"]
[White "Kunin, Vitaly L"]
[Black "Duppel, Matthias"]
[Result "1-0"]
[WhiteElo "2490"]
[BlackElo "2420"]
[PlyCount "79"]
[EventDate "2006.10.15"]
[EventType "team-tourn"]
[EventRounds "9"]
[EventCountry "GER"]
[SourceTitle "EXT 2008"]
[Source "ChessBase"]
[SourceDate "2007.11.25"]
[SourceVersion "1"]
[SourceVersionDate "2007.11.25"]
[SourceQuality "1"]
[WhiteTeam "Moerlenbach"]
[BlackTeam "Untergrombach"]
[WhiteTeamCountry "GER"]
[BlackTeamCountry "GER"]

1. Nf3 d5 2. g3 Nf6 3. Bg2 b5 4. c3 e6 5. Qb3 c6 6. a4 b4 7. cxb4 Qb6 8. b5 a6 9. a5 Qxb5 10. Qc2 Bb4 11. Nc3 Qb7 12. 0-0 0-0 13. d3 Bd7 14. Bg5 Rc8 15. Qb3 Ra7 16. Bxf6 gxf6 17. e4 Be8 18. Nh4 Nd7 19. Qd1 Bf8 20. Ra2 dxe4 21. dxe4 Qc7 22. f4 Rb8 23. Kh1 Nc5 24. e5 f5 25. g4 Qe7 26. Qe1 fxg4 27. Qg3 f5 28. exf6 Qxf6 29. f5 Rb4 30. fxe6 Qxe6 31. Re1 Qd7 32. b3 Bf7 33. Rf2 Bd6 34. Qe3 Qe7 35. Nf5 Qxe3 36. Rxe3 Bf8 37. Bxc6 Rxb3 38. Nd5 Rxe3 39. Nfxe3 h5 40. Rf5 1-0

[Event "BL2-Sued 0607"]
[Site "Germany"]
[Date "2007.02.04"]
[Round "5.2"]
[White "Renner, Christoph"]
[Black "Duppel, Matthias"]
[Result "1-0"]
[WhiteElo "2420"]
[BlackElo "2420"]
[PlyCount "109"]
[EventDate "2006.10.15"]
[EventType "team-tourn"]
[EventRounds "9"]
[EventCountry "GER"]
[SourceTitle "EXT 2008"]
[Source "ChessBase"]
[SourceDate "2007.11.25"]
[SourceVersion "1"]
[SourceVersionDate "2007.11.25"]
[SourceQuality "1"]
[WhiteTeam "Bayern Muenchen"]
[BlackTeam "Untergrombach"]
[WhiteTeamCountry "GER"]
[BlackTeamCountry "GER"]

1. e4 e6 2. d3 d5 3. Qe2 Nf6 4. Nf3 b6 5. e5 Nfd7 6. g3 Be7 7. Bg2 Bb7 8. 0-0 c5 9. c4 Na6 10. Nc3 Nc7 11. h4 a6 12. Re1 b5 13. b3 b4 14. Nb1 0-0 15. Bf4 a5 16. a4 bxa3 17. Rxa3 Nb8 18. Nc3 Nc6 19. Na4 Rb8 20. Rc1 Ba8 21. Qd1 Qd7 22. Bg5 Rfc8 23. cxd5 Nxd5 24. Nxc5 Qa7 25. Bxe7 Qxe7 26. d4 Rd8 27. Ra2 Ndb4 28. Rd2 Rbc8 29. Ng5 h6 30. Nge4 Rb8 31. Nd6 Qa7 32. Kh2 Ne7 33. Qh5 Ned5 34. Nce4 Qe7 35. Rc5 Bc6 36. Rxa5 Ra8 37. Rxa8 Rxa8 38. Nc5 Ra3 39. Bh3 Ra1 40. Bg2 Nc3 41. Bxc6 Nxc6 42. Qf3 Nd5 43. Rd1 Ra2 44. Kg1 f6 45. Nf5 Qf7 46. Nxe6 Qxe6 47. Qg4 Kf8 48. Qxg7+ Ke8 49. Nd6+ Kd8 50. Rc1 Nde7 51. Qxf6 Kd7 52. Qf8 Qd5 53. Nb7 Qg8 54. Qxh6 Kc7 55. Nc5 1-0

[Event "Oberliga Baden 0506"]
[Site "Germany"]
[Date "2005.11.27"]
[Round "3.1"]
[White "Wirthensohn, Heinz"]
[Black "Duppel, Matthias"]
[Result "1/2-1/2"]
[WhiteElo "2391"]
[BlackElo "2420"]
[PlyCount "63"]
[EventDate "2005.10.23"]
[EventType "team-tourn"]
[EventRounds "9"]
[EventCountry "GER"]
[SourceTitle "EXT 2007"]
[Source "ChessBase"]
[SourceDate "2006.11.23"]
[SourceVersion "1"]
[SourceVersionDate "2006.11.23"]
[SourceQuality "1"]
[WhiteTeam "Waldshut Tiengen"]
[BlackTeam "Untergrombach"]
[WhiteTeamCountry "GER"]
[BlackTeamCountry "GER"]

1. Nf3 d5 2. c4 e6 3. d4 Nf6 4. Nc3 Bb4 5. cxd5 exd5 6. Bg5 Nbd7 7. e3 c5 8. Bd3 Qa5 9. Qc2 c4 10. Bf5 0-0 11. 0-0 Re8 12. Nd2 Bxc3 13. Qxc3 Qxc3 14. bxc3 h6 15. Bh4 Nb6 16. Bxc8 Nxc8 17. Bxf6 gxf6 18. e4 b5 19. a4 bxa4 20. Rxa4 Nb6 21. Ra5 dxe4 22. Re1 Rab8 23. Nxe4 Kg7 24. f3 Rbd8 25. Rea1 Nd5 26. g4 h5 27. h3 hxg4 28. hxg4 Rxe4 29. fxe4 Nxc3 30. d5 Nxe4 31. Rc1 Nd2 32. Rc2 1/2-1/2

[Event "BL2-Sued 0405"]
[Site "Germany"]
[Date "2004.10.24"]
[Round "1.1"]
[White "Gasthofer, Alexander"]
[Black "Duppel, Matthias"]
[Result "1/2-1/2"]
[WhiteElo "2434"]
[BlackElo "2429"]
[PlyCount "43"]
[EventDate "2004.10.24"]
[EventType "team-tourn"]
[EventRounds "9"]
[EventCountry "GER"]
[SourceTitle "EXT 2007"]
[Source "ChessBase"]
[SourceDate "2006.11.23"]
[SourceVersion "1"]
[SourceVersionDate "2006.11.23"]
[SourceQuality "1"]
[WhiteTeam "Bad Mergentheim"]
[BlackTeam "Untergrombach"]
[WhiteTeamCountry "GER"]
[BlackTeamCountry "GER"]

1. Nf3 d5 2. g3 Nf6 3. Bg2 Bf5 4. d3 e6 5. 0-0 Be7 6. c4 c6 7. Nc3 0-0 8. cxd5 cxd5 9. Nh4 Bg6 10. Nxg6 hxg6 11. Qb3 Qd7 12. e4 Nc6 13. exd5 Na5 14. Qd1 Nxd5 15. Nxd5 exd5 16. Rb1 Rad8 17. b4 Nc6 18. b5 Nd4 19. a4 Bf6 20. Bb2 Qf5 21. Bxd4 Bxd4 22. Qf3 1/2-1/2

[Event "FRA-chT2 0304"]
[Site "France"]
[Date "2003.10.12"]
[Round "1"]
[White "Dobosz, Henryk"]
[Black "Duppel, Matthias"]
[Result "1/2-1/2"]
[WhiteElo "2457"]
[BlackElo "2425"]
[PlyCount "45"]
[EventDate "2003.10.??"]
[EventType "team"]
[EventRounds "11"]
[EventCountry "FRA"]
[SourceTitle "EXT 2005"]
[Source "ChessBase"]
[SourceDate "2004.11.15"]
[SourceVersion "1"]
[SourceVersionDate "2004.11.15"]
[SourceQuality "1"]

1. Nf3 d5 2. g3 c6 3. Bg2 Bg4 4. h3 Bh5 5. 0-0 Nd7 6. d3 e5 7. e4 dxe4 8. dxe4 Bc5 9. Nbd2 f6 10. Nc4 Qc7 11. Qe1 a5 12. Bd2 Bf7 13. Qe2 Ne7 14. a4 0-0 15. Rfd1 Rfd8 16. Be1 Nc8 17. Nh4 Bf8 18. Nf5 g6 19. Nfe3 Nd6 20. Nxd6 Bxd6 21. Bf1 Nc5 22. Ng4 Kg7 23. Qf3 1/2-1/2

[Event "Stuttgart op"]
[Site "Stuttgart"]
[Date "2003.05.29"]
[Round "2.6"]
[White "Duppel, Matthias"]
[Black "Khadempour, Farhad"]
[Result "1-0"]
[WhiteElo "2434"]
[BlackElo "2166"]
[PlyCount "153"]
[EventDate "2003.05.29"]
[EventType "swiss"]
[EventRounds "7"]
[EventCountry "GER"]
[SourceTitle "CBM 094 Extra"]
[Source "ChessBase"]
[SourceDate "2003.07.09"]
[SourceVersion "2"]
[SourceVersionDate "2003.07.09"]
[SourceQuality "1"]

1. e4 e6 2. d4 d5 3. Nc3 Bb4 4. e5 c5 5. a3 Bxc3+ 6. bxc3 Ne7 7. Nf3 Bd7 8. h4 Nbc6 9. h5 h6 10. Rh4 Qa5 11. Bd2 c4 12. g3 0-0-0 13. Rf4 Rdf8 14. Bh3 Nd8 15. Kf1 Ba4 16. Kg1 Qc7 17. Rc1 Kb8 18. Nh4 Nc8 19. Rf3 Qe7 20. Ra1 Ka8 21. Re3 Rhg8 22. Ng2 a6 23. Re2 Na7 24. Kh2 Nb5 25. Qc1 Nc6 26. f4 g5 27. hxg6 fxg6 28. Ne3 Nc7 29. Nd1 Nd8 30. Ne3 Qh7 31. Rf2 Bd7 32. Ng4 Ne8 33. Qe1 h5 34. Ne3 Nc7 35. a4 Nf7 36. Ng2 Nh6 37. Kg1 Nf5 38. Rf3 Ne7 39. Rf1 g5 40. fxg5 Qxc2 41. Rf6 Ng6 42. a5 Re8 43. Ne3 Qb2 44. Qc1 Qxc1+ 45. Rxc1 Ne7 46. Kh2 Nc6 47. Ra1 Re7 48. Ng2 Ne8 49. Rh6 Ng7 50. Nf4 Nd8 51. g6 Be8 52. Rh7 Nc6 53. Bc1 Bd7 54. Ba3 Ree8 55. Bd6 Ne7 56. Bxe7 Rxe7 57. Nxh5 Kb8 58. Rf1 Be8 59. Rxg7 Rexg7 60. Nxg7 Bxg6 61. Nxe6 b5 62. axb6 a5 63. Nc5 Be8 64. Ra1 a4 65. Bd7 Rh8+ 66. Kg2 Bxd7 67. Nxd7+ Kc8 68. Nc5 Rh7 69. Rxa4 Kb8 70. e6 Re7 71. g4 Rg7 72. Kg3 Re7 73. Ra1 Rg7 74. Rf1 Rg8 75. e7 Rc8 76. Rf8 Rxf8 77. exf8Q# 1-0

[Event "Bundesliga 0203"]
[Site "Germany"]
[Date "2003.03.09"]
[Round "13.5"]
[White "Epishin, Vladimir"]
[Black "Duppel, Matthias"]
[Result "1/2-1/2"]
[WhiteElo "2628"]
[BlackElo "2440"]
[PlyCount "38"]
[EventDate "2002.10.19"]
[EventType "team-tourn"]
[EventRounds "15"]
[EventCountry "GER"]
[SourceTitle "CBM 094"]
[Source "ChessBase"]
[SourceDate "2003.05.26"]
[SourceVersion "1"]
[SourceVersionDate "2003.05.26"]
[SourceQuality "1"]
[WhiteTeam "Luebeck"]
[BlackTeam "Stuttgart"]
[WhiteTeamCountry "GER"]
[BlackTeamCountry "GER"]

1. d4 d5 2. c4 c6 3. Nf3 Nf6 4. e3 a6 5. Bd2 e6 6. Qc2 Nbd7 7. Nc3 Be7 8. g4 h6 9. e4 dxe4 10. Nxe4 c5 11. Nxf6+ Bxf6 12. dxc5 Nxc5 13. 0-0-0 Qc7 14. Be3 b6 15. Bg2 Bb7 16. Ne1 Rc8 17. Kb1 Bxg2 18. Nxg2 Qc6 19. Nf4 Na4 1/2-1/2

[Event "Bundesliga 0203"]
[Site "Germany"]
[Date "2003.01.11"]
[Round "8.6"]
[White "Brendel, Oliver"]
[Black "Duppel, Matthias"]
[Result "0-1"]
[WhiteElo "2378"]
[BlackElo "2440"]
[PlyCount "116"]
[EventDate "2002.10.19"]
[EventType "team-tourn"]
[EventRounds "15"]
[EventCountry "GER"]
[SourceTitle "CBM 093"]
[Source "ChessBase"]
[SourceDate "2003.04.01"]
[SourceVersion "1"]
[SourceVersionDate "2003.04.01"]
[SourceQuality "1"]
[WhiteTeam "Plauen Koenig"]
[BlackTeam "Stuttgart"]
[WhiteTeamCountry "GER"]
[BlackTeamCountry "GER"]

1. e4 e6 2. d4 d5 3. Nc3 Nf6 4. Bg5 Bb4 5. e5 h6 6. Bd2 Bxc3 7. bxc3 Ne4 8. Qg4 g6 9. Bd3 Nxd2 10. Kxd2 c5 11. Nf3 c4 12. Be2 Bd7 13. a4 Bc6 14. h4 Nd7 15. a5 Qe7 16. Ng1 0-0-0 17. f4 f5 18. Qg3 Rdg8 19. Nf3 Kc7 20. Qe1 Bb5 21. Qb1 a6 22. Qb4 Rh7 23. Rh3 Nb8 24. Rg3 Nc6 25. Qb2 Rhg7 26. Qc1 Nd8 27. Qb2 Nf7 28. Qb4 Qxb4 29. cxb4 g5 30. hxg5 hxg5 31. Nxg5 Nxg5 32. Rxg5 Rxg5 33. fxg5 c3+ 34. Ke1 Bxe2 35. Kxe2 Rxg5 36. Kf3 Rg4 37. Rd1 Kc6 38. Rd3 Kb5 39. Rxc3 Rxd4 40. Rc7 Rxb4 41. Re7 Kxa5 42. Rxe6 Re4 43. Re8 Kb4 44. e6 a5 45. e7 a4 46. c4 dxc4 47. g4 a3 48. gxf5 a2 49. Kxe4 a1Q 50. Rc8 Qe1+ 51. Kd5 Qxe7 52. Rxc4+ Kb5 53. Re4 Qf6 54. Re5 b6 55. Ke4+ Kc4 56. Re6 Qd4+ 57. Kf3 Kd5 58. Re8 Qh4 0-1

[Event "Bundesliga 0203"]
[Site "Germany"]
[Date "2002.12.14"]
[Round "5.6"]
[White "Duppel, Matthias"]
[Black "Hertneck, Gerald"]
[Result "1/2-1/2"]
[WhiteElo "2440"]
[BlackElo "2502"]
[PlyCount "98"]
[EventDate "2002.10.19"]
[EventType "team-tourn"]
[EventRounds "15"]
[EventCountry "GER"]
[SourceTitle "CBM 093"]
[Source "ChessBase"]
[SourceDate "2003.04.01"]
[SourceVersion "1"]
[SourceVersionDate "2003.04.01"]
[SourceQuality "1"]
[WhiteTeam "Stuttgart"]
[BlackTeam "Tegernsee"]
[WhiteTeamCountry "GER"]
[BlackTeamCountry "GER"]

1. e4 e6 2. d4 d5 3. Nc3 Nf6 4. e5 Nfd7 5. f4 c5 6. Nf3 Nc6 7. Be3 cxd4 8. Nxd4 Bc5 9. Qd2 0-0 10. 0-0-0 a6 11. Kb1 Bxd4 12. Bxd4 Nxd4 13. Qxd4 b5 14. Bd3 Rb8 15. Qe3 Qb6 16. Qh3 g6 17. Qh6 b4 18. Ne2 Nc5 19. h4 a5 20. Ng3 Rb7 21. Nh5 f5 22. Nf6+ Rxf6 23. exf6 Na4 24. Ka1 Qd4 25. Rb1 Qxf6 26. Qg5 Qxg5 27. hxg5 Bd7 28. Rbe1 Nc5 29. Rh3 Bc6 30. c3 b3 31. a3 Bb5 32. Bxb5 Rxb5 33. c4 Rb7 34. cxd5 exd5 35. Re8+ Kg7 36. Rd8 Ne6 37. Rd6 Nxf4 38. Rf3 Nxg2 39. Rxd5 Ne1 40. Rc3 f4 41. Re5 Nc2+ 42. Kb1 Ne3 43. Rec5 h5 44. Kc1 f3 45. Rxe3 f2 46. Rf3 Rf7 47. Rxf7+ Kxf7 48. Rc7+ Ke8 49. Rc8+ Ke7 1/2-1/2

[Event "Bundesliga 0203"]
[Site "Germany"]
[Date "2002.11.17"]
[Round "4.6"]
[White "Duppel, Matthias"]
[Black "Gallagher, Joseph G"]
[Result "0-1"]
[WhiteElo "2440"]
[BlackElo "2540"]
[PlyCount "108"]
[EventDate "2002.10.19"]
[EventType "team-tourn"]
[EventRounds "15"]
[EventCountry "GER"]
[SourceTitle "EXT 2003"]
[Source "ChessBase"]
[SourceDate "2002.11.25"]
[SourceVersion "1"]
[SourceVersionDate "2002.11.25"]
[SourceQuality "1"]
[WhiteTeam "Stuttgart"]
[BlackTeam "Werder Bremen"]
[WhiteTeamCountry "GER"]
[BlackTeamCountry "GER"]

1. d4 Nf6 2. c4 g6 3. Nc3 Bg7 4. e4 d6 5. Be2 0-0 6. Nf3 e5 7. 0-0 Na6 8. Re1 Qe8 9. Bf1 Bg4 10. d5 Nh5 11. h3 Bxf3 12. Qxf3 f5 13. Rb1 fxe4 14. Qxe4 Qf7 15. Be3 Nc5 16. Qc2 a5 17. b3 Rae8 18. a3 e4 19. b4 axb4 20. axb4 Nd7 21. Nxe4 Qf5 22. Bd3 Ne5 23. Nc5 Nxd3 24. Nxd3 Nf6 25. Rbc1 g5 26. f3 b5 27. Bd4 bxc4 28. Qxc4 Rxe1+ 29. Nxe1 Re8 30. Bxf6 Bxf6 31. Nd3 Re3 32. Nf2 Re7 33. Ne4 Be5 34. Rd1 Qf4 35. Qc1 Bd4+ 36. Kh1 Be3 37. Qc3 Kf7 38. Qh8 Qf5 39. Re1 Bb6 40. Qc3 h5 41. Qd2 Kg6 42. Rd1 Re5 43. Qd3 g4 44. hxg4 hxg4 45. Ng3 Qxd3 46. Rxd3 Re1+ 47. Kh2 Bg1+ 48. Kh1 Kg5 49. b5 Be3+ 50. Kh2 Bg1+ 51. Kh1 Bd4+ 52. Kh2 Be5 53. Rb3 Kh4 54. fxg4 Kxg4 0-1

[Event "Bundesliga 0203"]
[Site "Germany"]
[Date "2002.11.16"]
[Round "3.6"]
[White "Zumsande, Martin"]
[Black "Duppel, Matthias"]
[Result "1/2-1/2"]
[WhiteElo "2374"]
[BlackElo "2440"]
[PlyCount "27"]
[EventDate "2002.10.19"]
[EventType "team-tourn"]
[EventRounds "15"]
[EventCountry "GER"]
[SourceTitle "CBM 093"]
[Source "ChessBase"]
[SourceDate "2003.04.01"]
[SourceVersion "1"]
[SourceVersionDate "2003.04.01"]
[SourceQuality "1"]
[WhiteTeam "Emsdetten Turm"]
[BlackTeam "Stuttgart"]
[WhiteTeamCountry "GER"]
[BlackTeamCountry "GER"]

1. e4 e6 2. d4 d5 3. Nc3 Nf6 4. Bg5 dxe4 5. Nxe4 Be7 6. Bxf6 gxf6 7. Nf3 Nd7 8. Bc4 a6 9. a4 c5 10. dxc5 Nxc5 11. Qe2 Qc7 12. Nxc5 Qxc5 13. 0-0 Bd7 14. c3 1/2-1/2

[Event "Bundesliga 0203"]
[Site "Germany"]
[Date "2002.10.20"]
[Round "2.6"]
[White "Naumann, Alexander"]
[Black "Duppel, Matthias"]
[Result "1/2-1/2"]
[WhiteElo "2513"]
[BlackElo "2440"]
[PlyCount "49"]
[EventDate "2002.10.19"]
[EventType "team-tourn"]
[EventRounds "15"]
[EventCountry "GER"]
[SourceTitle "EXT 2003"]
[Source "ChessBase"]
[SourceDate "2002.11.25"]
[SourceVersion "1"]
[SourceVersionDate "2002.11.25"]
[SourceQuality "1"]
[WhiteTeam "Solingen"]
[BlackTeam "Stuttgart"]
[WhiteTeamCountry "GER"]
[BlackTeamCountry "GER"]

1. d4 d5 2. c4 c6 3. Nf3 Nf6 4. Nc3 e6 5. Bg5 Nbd7 6. cxd5 exd5 7. e3 Be7 8. Bd3 0-0 9. Qc2 Re8 10. 0-0 Nf8 11. Rab1 a5 12. a3 Ng6 13. b4 Bd6 14. Bf5 axb4 15. axb4 b5 16. Ne2 Bxf5 17. Qxf5 Qd7 18. Qc2 Ne4 19. Rfc1 Ra6 20. Bf4 Bxf4 21. Nxf4 Nxf4 22. exf4 f6 23. Ra1 Rea8 24. Rxa6 Rxa6 25. Nd2 1/2-1/2